[Event "San Francisco TNM Fall op"]
[Site "San Francisco"]
[Date "2017.11.14"]
[Round "4"]
[White "Perepelitsky, Philipp"]
[Black "Poling, Scott"]
[Result "1-0"]
[WhiteElo "2100"]
[BlackElo "1864"]
[PlyCount "61"]
[EventDate "2017.10.24"]
[EventType "swiss"]
[EventRounds "9"]
[EventCountry "USA"]
[SourceTitle "EXT 2023"]
[Source "ChessBase"]
[SourceDate "2022.10.05"]
[SourceVersion "1"]
[SourceVersionDate "2022.10.05"]
[SourceQuality "1"]

1. d4 Nf6 2. c4 e6 3. Nc3 Bb4 4. e3 c5 5. Bd3 0-0 6. Nge2 cxd4 7. exd4 d5 8. 0-0 dxc4 9. Bxc4 Nbd7 10. Bf4 Nb6 11. Bd3 Nbd5 12. Be5 Bd7 13. Rc1 Ng4 14. Nxd5 exd5 15. Bg3 h5 16. Qb3 h4 17. Bc7 Qe7 18. Qxd5 Bc6 19. Qf5 Nf6 20. Be5 Bd7 21. Qg5 Ne8 22. Qh5 f5 23. Bc4+ Be6 24. d5 Qf7 25. Qf3 Bd7 26. Nf4 Nd6 27. Bb3 Rfe8 28. Ne6 Rxe6 29. dxe6 Bxe6 30. Bxe6 Qxe6 31. Bxd6 1-0

[Event "San Francisco Grey Memorial"]
[Site "San Francisco"]
[Date "2017.08.08"]
[Round "1"]
[White "Poling, Scott"]
[Black "Baer, Michael"]
[Result "1-0"]
[WhiteElo "1837"]
[BlackElo "1354"]
[PlyCount "91"]
[EventDate "2017.08.08"]
[EventType "swiss"]
[EventRounds "9"]
[EventCountry "USA"]
[SourceTitle "EXT 2023"]
[Source "ChessBase"]
[SourceDate "2022.10.05"]
[SourceVersion "1"]
[SourceVersionDate "2022.10.05"]
[SourceQuality "1"]

1. d4 Nf6 2. c4 e6 3. Nc3 d5 4. cxd5 exd5 5. Bg5 Be7 6. e3 c6 7. Bd3 Be6 8. Qc2 Nbd7 9. Nge2 h6 10. Bh4 Nb6 11. a3 0-0 12. 0-0 Nc4 13. e4 dxe4 14. Nxe4 Nd6 15. Nc5 Bc8 16. Rad1 Nd5 17. Bxe7 Qxe7 18. Rfe1 Qc7 19. Ng3 Bd7 20. Nge4 Nf5 21. Nxd7 Qxd7 22. Nc5 Nxd4 23. Nxd7 Nxc2 24. Bxc2 Rfd8 25. Nc5 b6 26. Ne4 a6 27. Nc3 Re8 28. Rxe8+ Rxe8 29. Nxd5 cxd5 30. Kf1 Rd8 31. Rd4 Kf8 32. Bb3 f6 33. Rxd5 Rxd5 34. Bxd5 a5 35. Ke2 Ke7 36. Kd3 Kd6 37. Kd4 Kd7 38. Kc4 Kd6 39. Bf3 g6 40. a4 f5 41. Kb5 Kc7 42. g4 fxg4 43. Bxg4 h5 44. Bf3 h4 45. h3 g5 46. Bg2 1-0

[Event "San Francisco TNM Spring op"]
[Site "San Francisco"]
[Date "2017.04.04"]
[Round "4"]
[White "Yanofsky, Kevin"]
[Black "Poling, Scott"]
[Result "0-1"]
[WhiteElo "1642"]
[BlackElo "1868"]
[PlyCount "90"]
[EventDate "2017.03.14"]
[EventType "swiss"]
[EventRounds "8"]
[EventCountry "USA"]
[SourceTitle "EXT 2023"]
[Source "ChessBase"]
[SourceDate "2022.10.05"]
[SourceVersion "1"]
[SourceVersionDate "2022.10.05"]
[SourceQuality "1"]

1. d4 Nf6 2. c4 e6 3. Nc3 Bb4 4. Qc2 Nc6 5. Nf3 d6 6. e4 e5 7. d5 Bxc3+ 8. bxc3 Ne7 9. h3 b6 10. Bd3 0-0 11. 0-0 Nd7 12. Ne1 Nc5 13. f4 f6 14. f5 Ba6 15. g4 Qe8 16. g5 Qa4 17. Qg2 Kh8 18. Rf3 Nxd3 19. Nxd3 Qxc4 20. Nf2 Rad8 21. h4 c6 22. dxc6 Qxc6 23. Qg4 Be2 24. Bd2 Bxf3 25. Qxf3 Qa4 26. Qh5 Ng8 27. Ng4 Rd7 28. g6 h6 29. Nxh6 Nxh6 30. Bxh6 gxh6 31. Qxh6+ Kg8 32. Kh2 Qxe4 33. Qh5 Qf4+ 34. Kh1 e4 35. Kg1 Qg3+ 36. Kf1 e3 37. Qe2 Qh3+ 38. Qg2 Qxg2+ 39. Kxg2 Rc8 40. Re1 Rxc3 41. h5 Kg7 42. Kf3 e2+ 43. Kxe2 Re7+ 44. Kd2 Rxe1 45. Kxc3 Re5 0-1

[Event "San Francisco TNM Summer op"]
[Site "San Francisco"]
[Date "2016.06.21"]
[Round "5"]
[White "Poling, Scott"]
[Black "Lesquillier, Walter"]
[Result "1/2-1/2"]
[WhiteElo "1946"]
[BlackElo "1623"]
[PlyCount "90"]
[EventDate "2016.05.24"]
[EventType "swiss"]
[EventRounds "8"]
[EventCountry "USA"]
[SourceTitle "EXT 2018"]
[Source "ChessBase"]
[SourceDate "2017.10.13"]
[SourceVersion "1"]
[SourceVersionDate "2017.10.13"]
[SourceQuality "1"]

1. e4 Nc6 2. d4 e5 3. d5 Nb8 4. c4 Nf6 5. Nc3 Bb4 6. Bd3 c6 7. Nge2 d6 8. 0-0 Bxc3 9. Nxc3 0-0 10. Kh1 Bg4 11. f3 Bh5 12. Qe1 Bg6 13. Bg5 Nbd7 14. b4 Qc7 15. Qd2 Rfe8 16. a4 a5 17. dxc6 bxc6 18. b5 Nb6 19. Rfc1 Nfd7 20. Be3 c5 21. Rd1 Nf8 22. Be2 Red8 23. f4 f6 24. Nd5 Nxd5 25. exd5 Nd7 26. Rf1 Re8 27. h4 exf4 28. Bxf4 Ne5 29. Bxe5 Rxe5 30. Bg4 f5 31. h5 fxg4 32. hxg6 hxg6 33. Qf4 Qe7 34. Qxg4 Rh5+ 35. Kg1 Qe3+ 36. Rf2 Rf5 37. Qe2 Re5 38. Qxe3 Rxe3 39. Rf3 Re4 40. Rc1 Rae8 41. Kf2 Re2+ 42. Kg3 Ra2 43. Rb1 Rxa4 44. b6 Rxc4 45. Ra3 a4 1/2-1/2

[Event "San Francisco TNM Summer op"]
[Site "San Francisco"]
[Date "2016.06.14"]
[Round "4"]
[White "Nelson, Carl"]
[Black "Poling, Scott"]
[Result "0-1"]
[WhiteElo "1188"]
[BlackElo "1946"]
[PlyCount "80"]
[EventDate "2016.05.24"]
[EventType "swiss"]
[EventRounds "8"]
[EventCountry "USA"]
[SourceTitle "EXT 2018"]
[Source "ChessBase"]
[SourceDate "2017.10.13"]
[SourceVersion "1"]
[SourceVersionDate "2017.10.13"]
[SourceQuality "1"]

1. Nf3 d5 2. c4 c6 3. b3 Nf6 4. Bb2 Bf5 5. d3 e6 6. g3 h6 7. Bg2 Be7 8. 0-0 Nbd7 9. Re1 0-0 10. Nbd2 Bh7 11. Rc1 Re8 12. a3 a5 13. e4 dxe4 14. Nxe4 Nxe4 15. dxe4 Nc5 16. Nd2 Nd3 17. Bxg7 Kxg7 18. Qg4+ Bg6 19. Nf3 Nxc1 20. Ne5 Nd3 21. Nxg6 fxg6 22. e5 h5 23. Qxe6 Bc5 24. Qf6+ Qxf6 25. exf6+ Kxf6 26. Rd1 Bxf2+ 27. Kf1 Re1+ 28. Rxe1 Bxe1 29. Ke2 Rd8 30. Be4 Nc5 31. Bc2 Rd2+ 32. Kxe1 Rxc2 33. b4 axb4 34. axb4 Nd3+ 35. Kd1 Rg2 36. b5 Ke5 37. c5 Ke4 38. bxc6 bxc6 39. g4 Ke3 40. gxh5 Rd2# 0-1

[Event "San Francisco TNM Winter op"]
[Site "San Francisco"]
[Date "2016.01.05"]
[Round "1"]
[White "Poling, Scott"]
[Black "Smith, David A2"]
[Result "0-1"]
[WhiteElo "2003"]
[BlackElo "1581"]
[PlyCount "94"]
[EventDate "2016.01.05"]
[EventType "swiss"]
[EventRounds "8"]
[EventCountry "USA"]
[SourceTitle "EXT 2018"]
[Source "ChessBase"]
[SourceDate "2017.10.13"]
[SourceVersion "1"]
[SourceVersionDate "2017.10.13"]
[SourceQuality "1"]

1. e4 c5 2. c3 e5 3. d4 Qh4 4. Bd3 d6 5. Nf3 Qe7 6. 0-0 Nc6 7. d5 Nd8 8. Bg5 f6 9. Bb5+ Bd7 10. Bxd7+ Qxd7 11. Be3 g6 12. Nh4 Nh6 13. Qc1 Ndf7 14. f4 Bg7 15. fxe5 fxe5 16. h3 0-0 17. Nd2 Nh8 18. Nc4 Rxf1+ 19. Qxf1 Rf8 20. Qc1 N6f7 21. Qd2 Qe7 22. Nf3 h6 23. Rf1 Kh7 24. Qe2 Bf6 25. Na5 g5 26. Nh2 Ng6 27. Nxb7 Qxb7 28. Rxf6 Qe7 29. Rf2 Nf4 30. Bxf4 gxf4 31. Nf3 Rg8 32. Qa6 h5 33. b4 cxb4 34. cxb4 Kh6 35. Rc2 Qd7 36. Kh2 Ng5 37. Nxg5 Kxg5 38. Rc6 Rg6 39. Qc4 Qe7 40. Rc7 Qf6 41. Qc1 Kh6 42. Rxa7 Qg5 43. Qf1 Qg3+ 44. Kh1 Qe3 45. Qf3 Qxa7 46. a3 Rg3 47. Qf1 Qxa3 0-1

[Event "San Francisco TNM Summer op"]
[Site "San Francisco"]
[Date "2015.06.02"]
[Round "2"]
[White "Poling, Scott"]
[Black "Winslow, Elliott C"]
[Result "0-1"]
[WhiteElo "1915"]
[BlackElo "2301"]
[PlyCount "56"]
[EventDate "2015.05.26"]
[EventType "swiss"]
[EventRounds "8"]
[EventCountry "USA"]
[SourceTitle "EXT 2016"]
[Source "ChessBase"]
[SourceDate "2015.10.08"]
[SourceVersion "1"]
[SourceVersionDate "2015.10.08"]
[SourceQuality "1"]

1. e4 Nf6 2. e5 Nd5 3. d4 d6 4. c4 Nb6 5. f4 dxe5 6. fxe5 Bf5 7. Nf3 e6 8. Be3 Bb4+ 9. Nc3 c5 10. a3 Bxc3+ 11. bxc3 Nc6 12. Bd3 Bxd3 13. Qxd3 Qc7 14. Bg5 h6 15. Bh4 Na5 16. d5 Naxc4 17. d6 Qc6 18. 0-0 Na5 19. Rad1 Nd7 20. Be7 Qa4 21. Rde1 Nc6 22. Re4 Qa6 23. Qxa6 bxa6 24. Bh4 Rb8 25. g4 Rb3 26. g5 Rxc3 27. g6 fxg6 28. Bg3 Rf8 0-1

[Event "San Francisco TNM Jay Whitehead op"]
[Site "San Francisco"]
[Date "2014.08.20"]
[Round "3"]
[White "Winslow, Elliott C"]
[Black "Poling, Scott"]
[Result "1-0"]
[WhiteElo "2254"]
[BlackElo "1677"]
[PlyCount "69"]
[EventDate "2014.08.05"]
[EventType "swiss"]
[EventRounds "9"]
[EventCountry "USA"]
[SourceTitle "EXT 2016"]
[Source "ChessBase"]
[SourceDate "2015.10.08"]
[SourceVersion "1"]
[SourceVersionDate "2015.10.08"]
[SourceQuality "1"]

1. e4 e6 2. d4 d5 3. Nc3 Nf6 4. e5 Nfd7 5. f4 c5 6. Nf3 Nc6 7. Be3 a6 8. Qd2 b5 9. h4 f6 10. 0-0-0 b4 11. Ne2 c4 12. f5 Qa5 13. Kb1 c3 14. Qe1 Nb6 15. b3 Be7 16. Nf4 fxe5 17. Nxe5 Nxe5 18. dxe5 Bc5 19. fxe6 Bxe3 20. Qxe3 0-0 21. e7 Re8 22. Nxd5 Nxd5 23. Rxd5 Qa3 24. Qc1 Qxc1+ 25. Kxc1 Be6 26. Rd6 Rxe7 27. Bxa6 Rea7 28. Rxe6 Rxa6 29. Rxa6 Rxa6 30. a4 bxa3 31. Kb1 Rg6 32. Rh3 Rxg2 33. Rxc3 Kf7 34. b4 Rg4 35. b5 1-0

[Event "San Francisco TNM Summer op"]
[Site "San Francisco"]
[Date "2014.06.24"]
[Round "5"]
[White "Poling, Scott"]
[Black "Robertson, Guy"]
[Result "1-0"]
[WhiteElo "1683"]
[BlackElo "1524"]
[PlyCount "67"]
[EventDate "2014.05.27"]
[EventType "swiss"]
[EventRounds "8"]
[EventCountry "USA"]
[SourceTitle "EXT 2016"]
[Source "ChessBase"]
[SourceDate "2015.10.08"]
[SourceVersion "1"]
[SourceVersionDate "2015.10.08"]
[SourceQuality "1"]

1. e4 c5 2. Nf3 d6 3. Bd3 g6 4. c3 Bg7 5. Bc2 Nc6 6. 0-0 Nf6 7. Re1 0-0 8. d3 b5 9. e5 dxe5 10. Nxe5 Nxe5 11. Rxe5 Ng4 12. Rg5 h5 13. h3 Nh6 14. Rxc5 a6 15. Qf3 Bf5 16. Nd2 Qb6 17. Rc6 Qb7 18. Nb3 Bd7 19. Rc5 Qxf3 20. gxf3 Bxh3 21. d4 Rac8 22. Bf4 Bd7 23. Be4 Rxc5 24. Nxc5 Bc8 25. b4 e6 26. Bc6 Nf5 27. a4 bxa4 28. Rxa4 Nh4 29. Bd6 Rd8 30. Bc7 Rf8 31. Bd6 Rd8 32. Be7 Rd5 33. Bxd5 exd5 34. Bxh4 1-0